The volcanic earth : volcanoes and plate tectonics, past, present & future /

Bibliographic Details
Main Author: Sutherland, Lin
Corporate Author: Australian Museum
Format: Book
Language:English
Published: Sydney, Australia : University of New South Wales Press, 1995.
Subjects:

MARC

Tag First Indicator Second Indicator Subfields
LEADER 00000cam a2200000 a 4500
001 in00001264821
005 20151003094913.0
008 960514s1995 at a b 001 0 eng d
020 |a 0868400718 
035 |a (OCoLC)34722103 
035 |9 AGV8475AM 
040 |a NOC  |c NOC  |d TXA  |d UtOrBLW 
049 |a TXAM 
090 |a QE522  |b .S88 1995 
100 1 |a Sutherland, Lin. 
245 1 4 |a The volcanic earth :  |b volcanoes and plate tectonics, past, present & future /  |c Lin Sutherland. 
264 1 |a Sydney, Australia :  |b University of New South Wales Press,  |c 1995. 
300 |a vi, 248 pages :  |b illustrations (some color) ;  |c 29 cm. 
336 |a text  |b txt  |2 rdacontent 
337 |a unmediated  |b n  |2 rdamedia 
338 |a volume  |b nc  |2 rdacarrier 
500 |a Published in association with the Australian Museum. 
500 |a Maps on lining papers. 
504 |a Includes bibliographical references (pages [228]-231) and index. 
650 0 |a Volcanoes. 
650 0 |a Volcanoes  |z Australia. 
650 0 |a Plate tectonics. 
650 0 |a Plate tectonics  |z Australia. 
710 2 |a Australian Museum. 
999 |a MARS 
999 f f |s 2ab76266-8c18-3bc2-84be-2197ef353617  |i 686fdb21-b51b-37ec-bc08-4c6ae22cb2fe  |t 0 
952 f f |p ric  |a Texas A&M University  |b Rellis Campus  |c Joint Library Facility  |s JLF  |d Remote Storage  |t 0  |e QE522 .S88 1995  |h Library of Congress classification  |i unmediated -- volume  |m A14819974611 
998 f f |a QE522 .S88 1995  |t 0  |l Remote Storage